| 000 | 00468ntaaa2200181 4500 | ||
|---|---|---|---|
| 003 | 01 | ||
| 005 | 20251027202349.0 | ||
| 008 | 0714s1973 ag 01 | ||
| 040 |
_aAR-BaBN _bspa _cAR-BaBN _eaacr _dRIC |
||
| 082 | _a282.0000 G285 | ||
| 100 |
_aGay, Teófilo _922357 |
||
| 245 | _aDiccionario de controversia | ||
| 250 | _a3 ed. | ||
| 260 |
_aBuenos Aires : _bJunta Bautista de Publicaciones, _cs.f. |
||
| 300 | _a539 p | ||
| 650 |
_aiglesia católica _9476 |
||
| 942 | _cBK | ||
| 999 |
_c18530 _d18530 |
||